000 01075cab a22002655a 4500
001 L152541
008 110325e20110305xxk 000 0 eng d
035 _a(Sirsi) u152541
041 0 _aeng
100 1 _aBuckley, James
245 0 0 _aFocus
_bLondon
260 _c2011
490 _aEstates Gazette
_v(1109) 5 March 2011, 129-153(19)
520 _aIncludes information about the nine skyscrapers either under construction or with planning permission, rents in the City and West End and recent finance deals with the market starting to show signs of some lending activity. Also an item on London's competitiveness, relocation to other UK regions or overseas and the possibility of the private sector coming to the rescue as public sector cuts become more extensive.
590 _aKA
651 4 _aLondon
690 _aPROPERTY-COMMERCIAL PROPERTY-COMMERCIAL PROPERTY MARKET
700 1 _aQuinn, David
700 1 _aO'Connell, Bridget
700 1 _aWild, Damian
700 1 _aThame, David
700 1 _aHarris, David
700 1 _aWhitten, Nick
942 _n0
999 _c82997
_d82997